| 000 | 00573nam a2200229Ia 4500 | ||
|---|---|---|---|
| 003 | OSt | ||
| 005 | 20230427154601.0 | ||
| 008 | 210423s2005 xx 000 0 und d | ||
| 020 | _a8181477316 | ||
| 040 | _cAL | ||
| 041 | _aeng | ||
| 082 |
_a512.02 _223 _bMCCN |
||
| 100 |
_aMCCOY (Neal H);JANUSZ (Gerald J) _994326 |
||
| 245 | _aIntroduction to abstract algebra | ||
| 250 | _a6 | ||
| 260 |
_bAcademic Press _c2005 |
||
| 300 |
_axiv,281 _bPB |
||
| 365 |
_b225 _cINR |
||
| 650 |
_aAlgebra _994327 |
||
| 906 | _aabstract ; algebra ; Introduction | ||
| 942 |
_2ddc _cBK |
||
| 999 |
_c161232 _d161232 |
||